00544nam a2200157 i 450000100060000000300090000600500170001500700030003200800410003510000450007624501340012126000310025530000220028650000460030885200320035440679ES-MaACL20230906160304.0t|030306s1971 sp ||||1| spa d1 aCarrera y del Castillo, Nicolás de la.10aOposiciones Escuela General de Policía b: apuntes a los temas del tercer ejercicio / cNicolás de la Carrera y del Castillo. aMadrid : b[s.n.], c1971. a354 p. ; c24 cm. aCon apéndice a las ediciones 1970-1971. aES-MaACLjC-43515 bR.80335